[Event "London Classic Open 2015"]
[Site "London ENG"]
[Date "2015.12.10"]
[Round "8.12"]
[White "Houska, Jovanka"]
[Black "Blomqvist, Erik"]
[Result "1/2-1/2"]
[WhiteTitle "IM"]
[BlackTitle "GM"]
[WhiteElo "2409"]
[BlackElo "2493"]
[WhiteFideId "405094"]
[BlackFideId "1709437"]
[EventDate "2015.12.04"]

1. d4 Nf6 2. Nf3 e6 3. c4 b6 4. g3 c6 5. Bg2 d5 6. O-O Be7 7. Qc2 O-O 8. Ne5 Bb7
9. Rd1 Nfd7 10. Nxd7 Nxd7 11. e4 Rc8 12. Bf4 h6 13. Nd2 Re8 14. Rac1 Bf8 15.
exd5 cxd5 16. Qb1 g5 17. Be3 Bg7 18. cxd5 Bxd5 19. Bxd5 exd5 20. Rxc8 Qxc8 21.
Rc1 Qa6 22. Qf5 Qb7 23. Nf3 Nf8 24. h4 f6 25. b4 Qf7 26. b5 Qe6 27. g4 h5 28.
Rc6 Qe4 29. hxg5 hxg4 30. Qxe4 dxe4 31. Nh4 fxg5 32. Nf5 Ne6 33. d5 Nf4 34. Bxf4
gxf4 35. Rg6 Kf7 36. Nxg7 Rg8 37. Re6 Rxg7 38. Rxe4 Kf6 39. Rxf4+ Ke5 40. Rb4
Kxd5 41. a4 g3 42. f3 Ke5 43. Kg2 Kf5 44. Re4 Rg8 45. Re7 Ra8 46. Rf7+ Ke5 47.
Kxg3 a6 48. f4+ Kd5 49. Rf6 axb5 50. axb5 Rg8+ 51. Kf3 Kc5 52. Rf5+ Kd4 53. Rg5
Rh8 54. Kg4 Rh1 55. Kf5 Rf1 56. Rh5 Rf2 57. Rh1 Rb2 58. Ke6 Rxb5 59. f5 Re5+ 60.
Kf6 Re2 61. Rd1+ Kc4 62. Rc1+ Kd4 63. Rb1 Kc5 64. Rf1 b5 65. Kg7 Re7+ 66. Kf6
Re8 67. Kf7 Rb8 68. f6 b4 69. Rc1+ Kd4 70. Rd1+ Kc3 71. Ke7 b3 72. f7 b2 73.
f8=Q Rxf8 74. Kxf8 Kc2 75. Rf1 b1=Q 76. Rxb1 Kxb1 1/2-1/2

[Event "London Classic Open 2015"]
[Site "London ENG"]
[Date "2015.12.10"]
[Round "8.13"]
[White "Swayams, Mishra"]
[Black "Guramishvili, Sopiko"]
[Result "1-0"]
[WhiteTitle "IM"]
[BlackTitle "IM"]
[WhiteElo "2477"]
[BlackElo "2368"]
[WhiteFideId "5028183"]
[BlackFideId "13602888"]
[EventDate "2015.12.04"]

1. c4 c6 2. Nf3 d5 3. e3 Nf6 4. Nc3 e6 5. d4 Nbd7 6. Bd3 dxc4 7. Bxc4 b5 8. Bd3
a6 9. e4 c5 10. d5 Bb7 11. dxe6 fxe6 12. Qe2 c4 13. Bc2 Be7 14. O-O Qc7 15. Ng5
Nf8 16. e5 Nd5 17. Rd1 O-O-O 18. Nce4 Ng6 19. Nxe6 Qc6 20. Nxd8 Rxd8 21. Bg5
Bxg5 22. Qg4+ Kb8 23. Qxg5 Re8 24. Nd6 Rxe5 25. Qd8+ Ka7 26. Nxb7 Ndf4 27. f3
Re2 28. Qd4+ Kxb7 29. Be4 Rxe4 30. Qxe4 Qxe4 31. fxe4 Ne5 32. Rd8 Nfd3 33. Rb1
b4 34. Rh8 Kc6 35. Rxh7 g6 36. Ra7 Kb6 37. Ra8 Kb7 38. Rd8 Kc7 39. Rd5 1-0

[Event "London Classic Open 2015"]
[Site "London ENG"]
[Date "2015.12.10"]
[Round "8.14"]
[White "Roberson, Peter T"]
[Black "Hebden, Mark L"]
[Result "0-1"]
[WhiteTitle "IM"]
[BlackTitle "GM"]
[WhiteElo "2407"]
[BlackElo "2469"]
[WhiteFideId "412384"]
[BlackFideId "400084"]
[EventDate "2015.12.04"]

1. e4 e5 2. Nf3 Nc6 3. Bb5 a6 4. Ba4 Nf6 5. O-O Be7 6. d3 b5 7. Bb3 d6 8. a3 Be6
9. Bxe6 fxe6 10. c3 O-O 11. Re1 Qe8 12. a4 b4 13. a5 Rb8 14. Nbd2 Rb5 15. Nc4
Qg6 16. Qe2 Nd7 17. d4 exd4 18. cxd4 b3 19. Rd1 Qh5 20. Bd2 Rxf3 21. Qxf3 Qxf3
22. gxf3 Nxd4 23. Kg2 e5 24. Ne3 Bd8 25. Rac1 Nc5 26. Rc4 Nd3 27. Bc3 Nf4+ 28.
Kf1 Nxf3 29. Rc6 Nxh2+ 30. Kg1 Nf3+ 31. Kf1 Rb8 32. Rxa6 Ng5 33. Nd5 Nxe4 34.
Rc6 Nxd5 35. Rxd5 Kf7 36. a6 Ra8 37. Rb5 Nxc3 38. Rxc3 Rxa6 39. Rbxb3 Ra1+ 40.
Ke2 Ke6 41. Rb8 Kd7 42. Ra3 Rb1 43. b4 Rb2+ 44. Kf1 Bh4 45. Rf3 Bf6 46. b5 h5
47. Ra3 e4 48. Ra4 d5 49. Ra6 Bd4 50. Rf8 Bb6 51. Raa8 Rxb5 52. Rf7+ Kc6 53.
Rxg7 Rb1+ 54. Kg2 Rb2 55. Rg6+ Kb7 56. Rf8 e3 57. Rg5 e2 58. Re5 d4 59. Rd8 Ba5
60. Rde8 e1=Q 61. Rxe1 Bxe1 62. Rxe1 Kc6 63. Kf3 d3 64. Re6+ Kd5 65. Rh6 Kd4 66.
Rxh5 c5 67. Rh4+ Kc3 68. Rh1 c4 69. Rc1+ Kd4 70. Ra1 Rb8 71. Ra7 Rf8+ 72. Kg2 d2
73. f3 Ke5 0-1

[Event "London Classic Open 2015"]
[Site "London ENG"]
[Date "2015.12.10"]
[Round "8.15"]
[White "Martins, David Pires Tavares"]
[Black "Galyas, Miklos"]
[Result "1/2-1/2"]
[WhiteTitle "FM"]
[BlackTitle "IM"]
[WhiteElo "2372"]
[BlackElo "2465"]
[WhiteFideId "1909991"]
[BlackFideId "707244"]
[EventDate "2015.12.04"]

1. Nf3 d6 2. c4 f5 3. d4 Nf6 4. Nc3 g6 5. Bf4 Bg7 6. e3 O-O 7. Be2 Nc6 8. Qb3
Ne4 9. c5+ Kh8 10. Rd1 Qe8 11. cxd6 cxd6 12. d5 Nxc3 13. bxc3 Ne5 14. Bxe5 dxe5
15. Ng5 Bf6 16. Bb5 Qd8 17. Ne6 Bxe6 18. dxe6 Qb6 19. Bd7 e4 20. Rc1 Qa6 21. Qd5
Rfd8 22. c4 Qxa2 23. O-O b6 24. Qb5 Qa3 25. Rcd1 Qc5 26. Qb3 Qc7 27. Rd5 a5 28.
g3 Kg7 29. Rfd1 Qa7 30. Qa3 Rab8 31. Kg2 Qc7 32. Qa4 Ra8 33. Rc1 Rab8 34. Rc2
Rb7 35. Qa2 Qb8 36. Rcd2 Rc7 37. Rd1 Qa7 38. Bc6 Rxd5 39. cxd5 Be5 40. g4 fxg4
41. Qa4 Rc8 42. Qxe4 Qc7 43. Qxg4 Rf8 44. Qe4 Rf5 45. f4 Bd6 46. Rd2 Qd8 47. Ba4
Qf8 48. Bd1 b5 49. h4 a4 50. h5 Qf6 51. Bg4 b4 52. Bxf5 gxf5 53. Qd3 Kh6 54. Kf3
b3 55. Qb5 Qh4 56. Qxa4 Qh1+ 57. Rg2 b2 58. Qe8 Qf1+ 59. Kg3 Qe1+ 60. Kf3 Qd1+
61. Kg3 Qe1+ 62. Kf3 Qd1+ 63. Kg3 Qe1+ 1/2-1/2

[Event "London Classic Open 2015"]
[Site "London ENG"]
[Date "2015.12.10"]
[Round "8.16"]
[White "Nguyen, Piotr"]
[Black "Bartholomew, John"]
[Result "1/2-1/2"]
[BlackTitle "IM"]
[WhiteElo "2329"]
[BlackElo "2443"]
[WhiteFideId "1127993"]
[BlackFideId "2019353"]
[EventDate "2015.12.04"]

1. d4 Nf6 2. c4 c5 3. d5 b5 4. cxb5 a6 5. bxa6 g6 6. Nc3 Bg7 7. e4 O-O 8. Nf3 d6
9. Be2 Bxa6 10. O-O Qb6 11. Rb1 Nbd7 12. b3 Qb4 13. Bxa6 Rxa6 14. Qe2 Rfa8 15.
Bd2 Qb7 16. a4 Ne8 17. Nb5 Nc7 18. Nxc7 Qxc7 19. Rfc1 Rb6 20. a5 Rbb8 21. b4 Qd8
22. b5 Rxa5 23. Bxa5 Qxa5 24. Rc2 Nb6 25. Nd2 Bc3 26. g4 Kg7 27. Kg2 h6 28. h4
Bf6 29. f4 Qa4 30. Nf3 Ra8 31. g5 Bd4 32. Rd1 Qb3 33. Nxd4 cxd4 34. Qd3 Ra3 35.
Qxb3 Rxb3 36. Rxd4 hxg5 37. hxg5 f6 38. Rc7 Rb2+ 39. Kf3 Kf7 40. gxf6 Kxf6 41.
Rd3 Rxb5 42. e5+ dxe5 43. fxe5+ Kxe5 44. Rxe7+ Kd6 45. Re6+ Kd7 46. Ke4 Rb4+ 47.
Ke5 Nc4+ 48. Kf6 Nb6 49. Kxg6 Rb5 50. Kf6 Rxd5 51. Rb3 Nc8 52. Rb7+ Kd8 53. Rc6
Rd6+ 54. Rxd6+ Nxd6 55. Rh7 Ne8+ 56. Ke6 Nc7+ 57. Kd6 Ne8+ 58. Kc6 Nf6 59. Rf7
Ne8 60. Rd7+ Kc8 61. Ra7 Kd8 62. Rd7+ Kc8 63. Rd4 Nc7 64. Ra4 Kd8 65. Ra3 Ne8
66. Ra7 Nf6 67. Rf7 Ne8 68. Rd7+ 1/2-1/2

[Event "London Classic Open 2015"]
[Site "London ENG"]
[Date "2015.12.10"]
[Round "8.17"]
[White "Karthik, V. AP"]
[Black "Cherniaev, Alexander"]
[Result "1/2-1/2"]
[BlackTitle "GM"]
[WhiteElo "2310"]
[BlackElo "2441"]
[WhiteFideId "25006479"]
[BlackFideId "4117301"]
[EventDate "2015.12.04"]

1. d4 g6 2. Nf3 Bg7 3. c4 d6 4. Nc3 Nd7 5. g3 e5 6. Bg2 Ne7 7. O-O O-O 8. h3
exd4 9. Nxd4 Nb6 10. Qd3 d5 11. cxd5 Nexd5 12. Nxd5 Nxd5 13. Rd1 c6 14. e4 Nc7
15. Nxc6 Qf6 16. Nb4 a5 17. Nd5 Nxd5 18. Qxd5 Qb6 19. e5 Be6 20. Qd6 Ra6 21. Bf1
Qxd6 22. exd6 Rb6 23. Bg5 f6 24. Be3 Rxb2 25. d7 Rd8 26. Rd6 Kf7 27. Re1 Bxa2
28. Bb6 Rxb6 29. Rxb6 Rxd7 30. Ra1 Be6 31. Rxa5 Rc7 32. Rab5 Bc8 33. Bg2 Bf8 34.
Bxb7 Bxh3 35. Bd5+ Kg7 36. Ra6 Bf5 37. Rb8 Rd7 38. Bf3 h5 39. Raa8 Bd6 40. Rg8+
Kh6 41. Rh8+ Rh7 42. Rhd8 Be5 43. Kg2 g5 44. Rh8 g4 45. Bd5 Bg6 46. Rxh7+ Kxh7
47. Kf1 Kh6 48. Ke2 Bd4 49. Ra4 Bc5 50. Rc4 Bb6 51. f4 gxf3+ 52. Kxf3 Kg5 53.
Kg2 Ba7 54. Rc8 Bd4 55. Rg8 Kh6 56. Be6 Be5 57. Bd5 Kh7 58. Ra8 Kh6 59. Kh3 Kg5
60. Rg8 Kh6 61. Kh4 Kh7 62. Ra8 Kh6 63. Bf3 Bd4 64. Bxh5 Bxh5 65. Rh8+ Kg6 66.
Rxh5 f5 67. Rg5+ Kf6 68. Rg8 Be5 69. Kh5 Ke6 70. Kh4 Kf6 71. Ra8 Kg6 72. Ra6+
Bf6+ 73. Kh3 Kg5 74. Ra5 Kg6 75. Kg2 Bd8 76. Rc5 Be7 77. Rd5 Bb4 78. Kf3 Ba3 79.
Rd3 Bc1 80. Rc3 Bg5 81. Rc6+ Kh5 82. Ra6 Bh6 83. Ra4 Bg5 84. Ke2 Bd8 85. Rd4 Bc7
86. Kf3 Kg5 87. Rd5 Kf6 88. Rb5 Be5 89. Rb6+ Kg5 90. Re6 Bb8 91. Re8 Bc7 92.
Rg8+ Kf6 93. Rf8+ Kg5 94. Rg8+ Kf6 95. Kg2 Be5 96. Kh3 Kf7 97. Rg5 Ke6 98. Rg6+
Bf6 99. Rh6 Kf7 100. Rh7+ Kg6 101. Ra7 Kg5 102. Ra5 Kg6 103. g4 fxg4+ 104. Kxg4
Kf7 105. Kf5 Bh4 106. Ra7+ Ke8 107. Rh7 Bf2 108. Ke6 Kd8 109. Rh2 Be3 110. Re2
Bg1 111. Rc2 Be3 112. Kd6 Bf4+ 113. Kc6 Ke7 114. Rf2 Bb8 115. Kd5 Bg3 116. Rf3
Bh2 117. Re3+ Kd7 118. Rh3 Bg1 119. Rh7+ Kc8 120. Kc6 Kb8 121. Rh8+ Ka7 122. Rh4
Kb8 123. Rb4+ Ka8 124. Ra4+ Kb8 1/2-1/2

[Event "London Classic Open 2015"]
[Site "London ENG"]
[Date "2015.12.10"]
[Round "8.18"]
[White "Grigoriants, Sergey"]
[Black "Milliet, Sophie"]
[Result "1-0"]
[WhiteTitle "GM"]
[BlackTitle "IM"]
[WhiteElo "2603"]
[BlackElo "2362"]
[WhiteFideId "4130804"]
[BlackFideId "623725"]
[EventDate "2015.12.04"]

1. c4 c5 2. Nf3 Nc6 3. Nc3 e5 4. e3 Nf6 5. d4 e4 6. Nd2 cxd4 7. exd4 Bb4 8. Nb3
O-O 9. Bg5 h6 10. Bh4 e3 11. fxe3 g5 12. Bf2 Ne4 13. Qc2 d5 14. cxd5 Qxd5 15.
Bd3 Nxf2 16. Kxf2 Bxc3 17. bxc3 f5 18. Rhf1 Qd6 19. Kg1 Ne7 20. e4 f4 21. Nc5
Kh8 22. Rae1 Qc7 23. Qb3 Ng6 24. e5 Nh4 25. Be4 Qe7 26. Nd3 Bf5 27. d5 Bxe4 28.
Rxe4 Qf7 29. e6 Qf5 30. Qc4 f3 31. e7 Rfe8 32. Qd4+ Kg8 33. d6 Nxg2 34. d7 Nf4
35. dxe8=Q+ Rxe8 36. Nxf4 Qg4+ 37. Kh1 1-0

[Event "London Classic Open 2015"]
[Site "London ENG"]
[Date "2015.12.10"]
[Round "8.19"]
[White "Rambaldi, Francesco"]
[Black "Tania, Sachdev"]
[Result "1/2-1/2"]
[WhiteTitle "GM"]
[BlackTitle "IM"]
[WhiteElo "2560"]
[BlackElo "2357"]
[WhiteFideId "20657307"]
[BlackFideId "5007844"]
[EventDate "2015.12.04"]

1. c4 e5 2. g3 Nf6 3. Bg2 d5 4. cxd5 Nxd5 5. Nc3 Nb6 6. Nf3 Nc6 7. O-O Be7 8.
Rb1 a5 9. d3 Be6 10. Be3 Nd5 11. Nxd5 Bxd5 12. Qa4 O-O 13. Rbc1 f6 14. Rfd1 Qd7
15. Nd2 Rfd8 16. Ne4 Qe6 17. Bc5 Kh8 18. e3 Nb4 19. Bxe7 Qxe7 20. a3 Bc6 21. Qb3
Na6 22. Qc3 f5 23. Nd2 Bxg2 24. Kxg2 f4 25. e4 b6 26. Nf3 Re8 27. gxf4 exf4 28.
Kh1 a4 29. Rg1 Nc5 30. e5 Qe6 31. d4 Ne4 32. Qc2 Qd5 33. Rg2 Ng3+ 34. hxg3 Qxf3
35. Kg1 c5 36. dxc5 bxc5 37. Qxc5 fxg3 38. Rxg3 Qe2 39. Re3 Qg4+ 40. Rg3 Qe2 41.
f4 Qxb2 42. Rc2 Qb1+ 43. Kh2 Ra6 44. Rh3 Rg6 45. Qf2 Rg1 46. Qxg1 Qxc2+ 47. Qg2
Qf5 48. Qd2 g5 49. fxg5 Qxe5+ 50. Rg3 Rb8 51. Kh3 Qf5+ 52. Kh2 Qe5 53. Kh3 Qf5+
54. Kh2 Qe5 1/2-1/2

[Event "London Classic Open 2015"]
[Site "London ENG"]
[Date "2015.12.10"]
[Round "8.20"]
[White "Jackson, James P"]
[Black "Gledura, Benjamin"]
[Result "0-1"]
[WhiteTitle "FM"]
[BlackTitle "IM"]
[WhiteElo "2355"]
[BlackElo "2513"]
[WhiteFideId "416860"]
[BlackFideId "712779"]
[EventDate "2015.12.04"]

1. e4 e5 2. Nf3 Nc6 3. Bb5 a6 4. Ba4 Nf6 5. O-O Be7 6. Re1 b5 7. Bb3 d6 8. c3
O-O 9. h3 Nb8 10. d4 Nbd7 11. Nbd2 Bb7 12. Bc2 Re8 13. Nf1 Bf8 14. Ng3 g6 15. a4
c5 16. d5 c4 17. Bg5 Bg7 18. Qd2 Nc5 19. Nh2 h5 20. Nf3 Qc7 21. Rf1 bxa4 22. Qe2
a5 23. Bxa4 Reb8 24. Bc2 Ba6 25. Ra2 Ra7 26. Rfa1 Nb3 27. Rb1 Rab7 28. Qe3 Nc5
29. Qc1 Bb5 30. Bh6 Bh8 31. Be3 Nfd7 32. Rba1 a4 33. Nd2 Nb6 34. Qd1 Bg7 35.
Ngf1 Rf8 36. Nh2 Nb3 37. Rb1 Nd7 38. g4 hxg4 39. hxg4 Ndc5 40. Ra3 Rfb8 41. Kg2
Nd4 42. cxd4 exd4 43. Bxd4 Bxd4 44. Nxc4 Bg7 45. Ne3 Bd7 46. g5 Rxb2 47. Rxb2
Rxb2 48. Nf3 Rb4 49. Nd2 Rd4 50. Qe2 Qa5 51. Nec4 Qb4 52. Re3 Bb5 53. Qg4 Bxc4
54. Qc8+ Bf8 55. Nf3 Ba6 0-1

[Event "London Classic Open 2015"]
[Site "London ENG"]
[Date "2015.12.10"]
[Round "8.21"]
[White "Beinoras, Mindaugas"]
[Black "Hector, Jonny"]
[Result "1-0"]
[WhiteTitle "IM"]
[BlackTitle "GM"]
[WhiteElo "2344"]
[BlackElo "2499"]
[WhiteFideId "12802085"]
[BlackFideId "1700090"]
[EventDate "2015.12.04"]

1. d4 d5 2. c4 c6 3. Nf3 Nf6 4. Nc3 dxc4 5. a4 Bf5 6. Nh4 e6 7. Nxf5 exf5 8. e3
Bb4 9. Bxc4 O-O 10. O-O Nbd7 11. Qc2 g6 12. Rd1 Rc8 13. Be2 Re8 14. Bf3 Qc7 15.
Bd2 a5 16. Rac1 Nb6 17. Qb3 Qe7 18. Na2 Bxd2 19. Rxd2 Nbd5 20. g3 h5 21. Nc3 Nb4
22. Na2 Nbd5 23. Nc3 Qb4 24. Qxb4 Nxb4 25. Ne2 Ne4 26. Rdd1 Nd5 27. Nf4 Nb6 28.
b3 Nf6 29. Rc5 Ra8 30. d5 Nbd7 31. Rc2 Ne5 32. Bg2 Red8 33. Rd4 g5 34. dxc6 bxc6
35. Ne2 Nd5 36. Rc5 g4 37. Rd1 Rab8 38. Nd4 f6 39. Nxc6 Nxc6 40. Bxd5+ Rxd5 41.
Rdxd5 Ne5 42. Rxe5 fxe5 43. Rxe5 1-0

[Event "London Classic Open 2015"]
[Site "London ENG"]
[Date "2015.12.10"]
[Round "8.22"]
[White "Vuilleumier, Alexandre"]
[Black "Kjartansson, Gudmundur"]
[Result "1/2-1/2"]
[WhiteTitle "IM"]
[BlackTitle "IM"]
[WhiteElo "2342"]
[BlackElo "2477"]
[WhiteFideId "1305662"]
[BlackFideId "2301318"]
[EventDate "2015.12.04"]

1. Nf3 d5 2. g3 Nf6 3. Bg2 e6 4. O-O Be7 5. c4 O-O 6. d4 Nbd7 7. Qc2 c6 8. Nbd2
b6 9. e4 dxc4 10. Nxc4 Bb7 11. Bg5 b5 12. e5 bxc4 13. exf6 Bxf6 14. Bxf6 Qxf6
15. Rfe1 c5 16. Ne5 Nxe5 17. dxe5 Qe7 18. Bxb7 Qxb7 19. Qxc4 Qxb2 20. Rab1 Qd4
21. Qxd4 cxd4 22. Red1 Rad8 23. Rb7 Rd5 24. Rxa7 g5 25. Rd3 Kg7 26. Kg2 Kg6 27.
g4 f6 28. exf6 e5 29. Rf3 h5 30. gxh5+ Kh6 31. f7 d3 32. Ra6+ Kh7 33. Rff6 d2
34. Rh6+ Kg7 35. Rag6+ Kxf7 36. Rh7+ Ke8 37. Re6+ Kd8 38. Rb6 Ke8 39. Re6+ Kd8
40. Rb6 Ke8 1/2-1/2

[Event "London Classic Open 2015"]
[Site "London ENG"]
[Date "2015.12.10"]
[Round "8.23"]
[White "Bates, Richard A"]
[Black "Andersen, Mads"]
[Result "0-1"]
[WhiteTitle "IM"]
[BlackTitle "IM"]
[WhiteElo "2331"]
[BlackElo "2474"]
[WhiteFideId "403555"]
[BlackFideId "1413864"]
[EventDate "2015.12.04"]

1. d4 d5 2. c4 c6 3. Nf3 Nf6 4. Nc3 e6 5. g3 dxc4 6. Bg2 b5 7. O-O Bb7 8. Ne5
Qb6 9. b3 cxb3 10. axb3 Nbd7 11. Bb2 Be7 12. Nd3 c5 13. dxc5 Nxc5 14. Nxc5 Bxc5
15. Qd3 Bxg2 16. Kxg2 Rb8 17. Ne4 Nxe4 18. Qxe4 O-O 19. b4 Be7 20. Bd4 Qb7 21.
Qxb7 Rxb7 22. Rxa7 Rxa7 23. Bxa7 Rc8 24. Bc5 Bxc5 25. Rc1 Kf8 26. Kf3 Ke7 27.
bxc5 Kd7 28. e4 Kc6 29. Ke3 Rd8 30. f4 Rd7 31. Rc2 f6 32. Rc1 e5 33. Rc2 b4 34.
fxe5 fxe5 35. Rc4 b3 36. Rc1 b2 0-1

[Event "London Classic Open 2015"]
[Site "London ENG"]
[Date "2015.12.10"]
[Round "8.24"]
[White "Buchicchio, Giampaolo"]
[Black "Georgescu, Tiberiu-Marian"]
[Result "0-1"]
[WhiteTitle "FM"]
[BlackTitle "GM"]
[WhiteElo "2313"]
[BlackElo "2453"]
[WhiteFideId "811491"]
[BlackFideId "1213300"]
[EventDate "2015.12.04"]

1. e4 g6 2. d4 Bg7 3. Nc3 d6 4. f4 a6 5. Nf3 b5 6. a4 b4 7. Nd5 a5 8. Bd3 Bb7 9.
c4 e6 10. Ne3 c5 11. d5 Nd7 12. dxe6 fxe6 13. f5 exf5 14. exf5 Ne5 15. Nd5 Bxd5
16. cxd5 c4 17. Be2 Nxf3+ 18. Bxf3 Qe7+ 19. Kf1 Nf6 20. fxg6 O-O 21. Qd4 Nd7 22.
gxh7+ Kh8 23. Qxc4 Ne5 24. Qe4 Qd7 25. h3 Rae8 26. Bf4 Nxf3 27. Qxf3 Rxf4 28.
Qxf4 Rf8 29. Qxf8+ Bxf8 30. Ke2 Qe8+ 31. Kd3 Qg6+ 32. Kc4 Qe4+ 33. Kb5 Qxd5+ 34.
Kb6 Qd4+ 35. Kxa5 Qc5+ 36. Ka6 Qc6+ 37. Ka7 Bg7 38. a5 Bxb2 39. Rad1 Qc5+ 40.
Ka6 Qc4+ 41. Kb7 Qb5+ 42. Kc7 Be5 43. Rhf1 Qxa5+ 44. Kd7 Qb5+ 45. Ke7 Qb7+ 46.
Ke8 Qb5+ 47. Ke7 Kxh7 48. g4 b3 49. h4 Qb7+ 50. Kd8 b2 51. g5 Kg6 52. Rh1 Kf5
53. g6 Ke6 0-1

[Event "London Classic Open 2015"]
[Site "London ENG"]
[Date "2015.12.10"]
[Round "8.25"]
[White "Wells, Peter K"]
[Black "Stachanczyk, Jacek"]
[Result "1-0"]
[WhiteTitle "GM"]
[BlackTitle "IM"]
[WhiteElo "2442"]
[BlackElo "2258"]
[WhiteFideId "400327"]
[BlackFideId "1116657"]
[EventDate "2015.12.04"]

1. d4 Nf6 2. Nf3 d5 3. c4 c6 4. Nc3 dxc4 5. a4 Bf5 6. Nh4 e6 7. Nxf5 exf5 8. e3
Bb4 9. Bxc4 O-O 10. O-O Qe7 11. Qc2 g6 12. Bb3 Na6 13. f3 Rad8 14. Qf2 Ba5 15.
Kh1 Nb4 16. Bd2 Bc7 17. e4 fxe4 18. Nxe4 Nbd5 19. Rae1 Bb8 20. Qh4 Nxe4 21. Qxe7
Nxe7 22. fxe4 Kg7 23. Bc3 f6 24. Rf3 h5 25. Ref1 f5 26. Be6 Kh7 27. h4 Rd6 28.
exf5 Nxf5 29. Bxf5 Rxf5 30. Rxf5 gxf5 31. Rxf5 Rd5 32. Rf7+ Kg6 33. Rxb7 Bg3 34.
Rxa7 Rf5 35. Kg1 Rf4 36. Ra6 Bf2+ 37. Kf1 Bxd4+ 38. Ke2 Bxc3 39. bxc3 Kf5 40. g3
Re4+ 41. Kd3 1-0

[Event "London Classic Open 2015"]
[Site "London ENG"]
[Date "2015.12.10"]
[Round "8.26"]
[White "Sagar, Shah"]
[Black "Chen, Pengyu"]
[Result "1-0"]
[WhiteTitle "IM"]
[BlackTitle "FM"]
[WhiteElo "2441"]
[BlackElo "2289"]
[WhiteFideId "5022509"]
[BlackFideId "3212092"]
[EventDate "2015.12.04"]

1. d4 Nf6 2. c4 e6 3. Nf3 Bb4+ 4. Nc3 O-O 5. e3 d5 6. Bd3 b6 7. cxd5 exd5 8. O-O
Bb7 9. a3 Bd6 10. b4 Nbd7 11. Qb3 Re8 12. a4 a6 13. Ba3 Qe7 14. b5 Bxa3 15. Qxa3
Nf8 16. Ne5 Qxa3 17. Rxa3 axb5 18. Nxb5 Re7 19. Rb1 Ne8 20. Bc2 Nd7 21. Nd3 c6
22. Nc3 Nd6 23. Rab3 Nc4 24. Rd1 g6 25. Nb4 Nf6 26. Bd3 Na5 27. Rb2 c5 28. Nc2
Re6 29. Rdb1 Rc8 30. Na2 c4 31. Bf1 Nb3 32. Na1 Nxa1 33. Rxa1 Ra8 34. Nc3 Ra5
35. Rab1 Nd7 36. g4 Bc6 37. Rb4 g5 38. e4 Nf6 39. Rxb6 Nxe4 40. Nxe4 dxe4 41.
Bxc4 Rg6 42. Bb5 Bxb5 43. Rxg6+ hxg6 44. axb5 Ra7 45. b6 Rb7 46. Kf1 Kf8 47. Ke2
Ke7 48. Ke3 f5 49. d5 1-0

[Event "London Classic Open 2015"]
[Site "London ENG"]
[Date "2015.12.10"]
[Round "8.27"]
[White "Cordes, Hans-Joerg"]
[Black "D'Costa, Lorin A R"]
[Result "0-1"]
[WhiteTitle "FM"]
[BlackTitle "IM"]
[WhiteElo "2250"]
[BlackElo "2418"]
[WhiteFideId "4602234"]
[BlackFideId "409219"]
[EventDate "2015.12.04"]

1. d4 Nf6 2. Bg5 c5 3. dxc5 e6 4. Nd2 Bxc5 5. e3 Be7 6. Ngf3 b6 7. Bd3 Bb7 8.
Qe2 Qc7 9. e4 d6 10. O-O h6 11. Bh4 Nbd7 12. Ba6 O-O 13. Bxb7 Qxb7 14. Rad1 b5
15. Nd4 Rab8 16. Rfe1 Rbc8 17. N2f3 Rfd8 18. Nb3 Nb6 19. e5 dxe5 20. Nxe5 Nc4
21. Rxd8+ Bxd8 22. c3 Nxe5 23. Qxe5 b4 24. Rc1 bxc3 25. Rxc3 Rxc3 26. bxc3 Ng4
27. Qd4 Bxh4 28. Qxg4 Bf6 29. c4 a5 30. c5 Qb5 31. Qe4 a4 32. Nd2 Qb2 33. Nf1
Bd4 34. Ne3 Qc1+ 35. Nf1 Qxc5 36. Qa8+ Kh7 37. Qxa4 Bxf2+ 38. Kh1 Bd4 39. Qd1 g6
40. a4 e5 41. Nd2 Qc3 42. Nf3 Be3 43. g3 e4 44. Ne1 Bf2 45. Nc2 Qd3 0-1

[Event "London Classic Open 2015"]
[Site "London ENG"]
[Date "2015.12.10"]
[Round "8.29"]
[White "Bukojemski, Adam"]
[Black "Gulamali, Kazim"]
[Result "1-0"]
[BlackTitle "FM"]
[WhiteElo "2243"]
[BlackElo "2379"]
[WhiteFideId "1114620"]
[BlackFideId "2024764"]
[EventDate "2015.12.04"]

1. e4 c5 2. Nf3 d6 3. c4 Bg4 4. d4 cxd4 5. Qxd4 Bxf3 6. gxf3 Nc6 7. Qd1 g6 8.
Bd2 Bg7 9. Bc3 e5 10. Na3 Nf6 11. Qd3 Nd4 12. Nc2 Nh5 13. Nxd4 exd4 14. Bxd4
Qa5+ 15. Qc3 Qxc3+ 16. bxc3 b6 17. Bd3 Be5 18. a4 Ke7 19. Kd2 Rhb8 20. Kc2 Nf4
21. Rhb1 Ne6 22. Be3 Bxh2 23. Rh1 Be5 24. Rxh7 Rc8 25. Rhh1 Nd8 26. f4 Bf6 27.
Rab1 Nc6 28. Rb5 Rh8 29. Re1 Rh2 30. Re2 Rc8 31. e5 Bg7 32. exd6+ Kxd6 33. f5
Rh4 34. Bg5 Rg4 35. f6 Rxg5 36. Rxg5 Bxf6 37. Rd5+ Kc7 38. c5 bxc5 39. Rxc5 Kd6
40. Ba6 Kxc5 41. Bxc8 Ne5 42. Re4 g5 43. Rb4 Bd8 44. Rb5+ Kd6 45. Bb7 Bb6 46. f3
f5 47. Kb3 Bc5 48. Ba8 Nd7 49. a5 a6 50. Rb7 g4 51. fxg4 fxg4 52. Kc2 g3 53. Rb1
Bf2 54. Rh1 Nc5 55. Rh5 Ne6 56. Rd5+ Kc7 57. Rf5 Kd6 58. Kd3 Nc5+ 59. Ke2 Na4
60. Kd2 Nc5 61. Bg2 Ke6 62. Rh5 Kd6 63. Ke2 Ne6 64. Rh6 Ke5 65. Bb7 Nf4+ 66. Kf1
Be3 67. Rxa6 Bd2 68. c4 Kd4 69. Rd6+ 1-0

[Event "London Classic Open 2015"]
[Site "London ENG"]
[Date "2015.12.10"]
[Round "8.30"]
[White "Westerberg, Jonathan"]
[Black "Ronka, Erik"]
[Result "1-0"]
[WhiteTitle "IM"]
[WhiteElo "2497"]
[BlackElo "2248"]
[WhiteFideId "1701754"]
[BlackFideId "505080"]
[EventDate "2015.12.04"]

1. e4 e5 2. Nf3 Nf6 3. Nc3 Bb4 4. Nxe5 O-O 5. Be2 Re8 6. Nd3 Bxc3 7. dxc3 Nxe4
8. Nf4 d6 9. O-O Nc6 10. c4 h6 11. f3 Nf6 12. Rf2 Bf5 13. Bf1 Ne5 14. b3 Qd7 15.
Bb2 Re7 16. Qd2 Rae8 17. Re2 Qd8 18. c5 Rd7 19. Rae1 Nc6 20. Rxe8+ Nxe8 21. Qc3
Ne7 22. cxd6 cxd6 23. Qd4 a6 24. Nh5 f6 25. Qd2 d5 26. Nf4 Nc7 27. Bd3 b5 28.
Rxe7 Rxe7 29. Bxf5 Qd6 30. Bd4 Qa3 31. c3 Qd6 32. b4 Qc6 33. h4 Ne8 34. Bc5 Re5
35. Ng6 1-0

[Event "London Classic Open 2015"]
[Site "London ENG"]
[Date "2015.12.10"]
[Round "8.31"]
[White "Coleman, David J"]
[Black "Arkell, Keith C"]
[Result "1/2-1/2"]
[WhiteTitle "CM"]
[BlackTitle "GM"]
[WhiteElo "2176"]
[BlackElo "2490"]
[WhiteFideId "402087"]
[BlackFideId "400270"]
[EventDate "2015.12.04"]

1. e4 c5 2. Nf3 e6 3. d4 cxd4 4. Nxd4 Nc6 5. Nb5 d6 6. c4 a6 7. N5c3 Nf6 8. Be2
Be7 9. O-O b6 10. Be3 Bb7 11. f4 O-O 12. Bf3 Na5 13. Nd2 d5 14. cxd5 exd5 15.
Nxd5 Nxd5 16. exd5 Bxd5 17. Qe2 Re8 18. Qf2 Rb8 19. Rfd1 Bxf3 20. Qxf3 Qc8 21.
b3 Ba3 22. Bf2 Qc2 23. Nf1 Qe4 24. Qxe4 Rxe4 25. Re1 Rxe1 26. Rxe1 Nc6 27. Ne3
b5 28. Nc2 Bb2 29. Re2 Bc3 30. g3 h5 31. Kg2 Rd8 32. h3 b4 33. Ne1 f6 34. Nf3
Kf7 35. Bc5 Rd5 36. Bf2 a5 37. g4 hxg4 38. hxg4 a4 39. bxa4 Ra5 40. f5 Rxa4 41.
g5 Ra5 42. g6+ Kf8 43. Bg3 Ne5 44. Nxe5 fxe5 45. Bh4 e4 46. Kg3 Ke8 47. Rxe4+
Kd7 48. Be7 Rxf5 49. Bxb4 Bxb4 50. Rxb4 Rg5+ 51. Rg4 Ra5 52. a4 1/2-1/2